Learning Resource and Development

Fish neuroendocrinology (Record no. 4396)

MARC details
000 -LEADER
fixed length control field 00800nam a22002657a 4500
005 - DATE AND TIME OF LATEST TRANSACTION
control field 20230512222050.0
008 - FIXED-LENGTH DATA ELEMENTS--GENERAL INFORMATION
fixed length control field 180511t xxu||||| |||| 00| 0 eng d
020 ## - INTERNATIONAL STANDARD BOOK NUMBER
International Standard Book Number 9780123746313
040 ## - CATALOGING SOURCE
Transcribing agency CSPC
082 0# - DEWEY DECIMAL CLASSIFICATION NUMBER
Classification number 597.01
Item number F526
245 00 - TITLE STATEMENT
Title Fish neuroendocrinology
250 ## - EDITION STATEMENT
Edition statement 1st
Remainder of edition statement edition
260 ## - PUBLICATION, DISTRIBUTION, ETC.
Place of publication, distribution, etc. UK :
Name of publisher, distributor, etc. Academic Press
Date of publication, distribution, etc. 2009.
300 ## - PHYSICAL DESCRIPTION
Extent v, 529 pages :
Other physical details figures ;
Dimensions 23 cm.
500 ## - GENERAL NOTE
General note Includes Bibliographical references and Index.
650 10 - SUBJECT ADDED ENTRY--TOPICAL TERM
Topical term or geographic name entry element Fishes
Form subdivision Endocrinology.
650 10 - SUBJECT ADDED ENTRY--TOPICAL TERM
Topical term or geographic name entry element Fishes
Form subdivision Nervous system.
700 1# - ADDED ENTRY--PERSONAL NAME
Personal name Nicholas J. Bernier
Relator term editor
700 1# - ADDED ENTRY--PERSONAL NAME
Personal name Anthony Peter Farrell
Relator term editor
700 1# - ADDED ENTRY--PERSONAL NAME
Personal name Colin J. Brauner
Relator term editor
940 ## - EQUIVALENCE OR CROSS-REFERENCE--UNIFORM TITLE [OBSOLETE] [CAN/MARC only]
Uniform title <a href="123">123</a>
942 ## - ADDED ENTRY ELEMENTS (KOHA)
Koha item type
-- CIR 597.01 F526 2009
Holdings
Withdrawn status Lost status Source of classification or shelving scheme Damaged status Not for loan Home library Current library Shelving location Date acquired Total Checkouts Full call number Barcode Date last seen Copy number Price effective from Koha item type
          Main Library Main Library Circulation Section 05/12/2023   CIR 597.01 F526 2009 013934 05/12/2023 1 05/12/2023 Books